Bibliyografya (Record no. 8745)

MARC details
000 -BAŞLIK
Sabit Uzunlukta Kontrol Alanı 00739na a2200265 4500
001 - KONTROL NUMARASI
Denetim Alanı 22038
003 - KONTROL NUMARASI IDENTIFIER
Denetim Alanı MIRAKIL
005 - SON İŞLEM TARİHİ VE ZAMANI
Denetim Alanı 20181213155223.0
008 - SABİT-BOY VERİ ELEMANLARI - GENEL BİLGİLER
Sabit Uzunlukta Kontrol Alanı 170210b tu 000 0
035 ## - SİSTEM KONTROL NUMARASI
Sistem Kontrol Numarası 22038
040 ## - KATALOGLAMA KAYNAK
Orijinal Kataloglama Ajansı Milas
Kataloglama Dili tur
Metne Dönüştürmek Ajansı TR-AnCHP
041 ## - DİL KODU
Metin / Ses Parça Veya Ayrı Başlığın Dil Kodu tur
082 ## - DEWEY ONLU SINIFLANDIRMA NUMARASI
Sınıflandırma Numarası Halkevleri 366.016
Ürün Numarası C25b 1939
090 ## - SINIFLAMA NUMARASI
Sınıflama Numarası Halkevleri 366.016 C25b 1939
100 ## - ANA GİRİŞ - KİŞİSEL İSİM
Kişisel Ad Candar, Avni
245 ## - BAŞLIK TABLOSU
Başlık Bibliyografya
Başlığın Kalan halkevleri neşriyatı
Sorumluluk Tablosu, Vb Avni Candar
246 ## - UNVAN FORM VARYING
Başlık Doğru / Kısa Başlığı Halkevleri neşriyatı
260 ## - YAYIN, DAĞITIM, VB
Yayın, Dağıtım, Vb Yeri Ankara
Yayıncı, Dağıtıcı, Vs Adı [yayl. y.]
Yayın, Dağıtım, Vb Tarihi 1939
300 ## - FİZİKSEL TANIM
Kapsam 61 s.
Boyutlar 23 sm.
610 ## - KONU KATMA GİRİŞ - TOPLANTI ADI
Giriş Elemanı Olarak Kurumsal Ad Veya Yargı Alanı Adı CHP
Genel Alt Bölüm Halkevleri
650 ## - KONU KATMA GİRİŞ - TOPİKAL DÖNEM
Topikal Süreli Veya Coğrafi Ad Giriş Elemanı Bibliyografya
Genel Alt Bölümü Halkevleri
650 ## - KONU KATMA GİRİŞ - TOPİKAL DÖNEM
Topikal Süreli Veya Coğrafi Ad Giriş Elemanı Halkevleri
Genel Alt Bölümü Yayınlar
Kronolojik Alt Bölümü Bibliyografya
942 ## - EKLENDİ GİRİŞ ELEMANLARI (KOHA)
Sınıflandırma Veya Raf Düzeni Kaynak Dewey Decimal Classification
Koha Öğesi Türü Books
999 ## - SİSTEM KONTROL NUMARALARI (KOHA)
Koha Biblionumber 8745
Koha Biblioitemnumber 8745
Holdings
Kalıcı Konum Mevcut Konum Edinme Tarihi Edinim Kaynak Toplam Check-Out'Lar Tam Çağrı Numarası Barkod Tarih Son Görülme İtibaren Geçerli Fiyatlar Sigara Kamu Notu Koha Öğesi Türü
CHP Kütüphanesi CHP Kütüphanesi 02/10/2017 Bağış   Halkevleri 366.016 C25b 1939 016001 02/10/2017 02/10/2017 Fotokopi Books